| Tag |
First Indicator |
Second Indicator |
Subfields |
| LEADER |
00000cam a2200000 4500 |
| 001 |
in00000061145 |
| 005 |
20151008051629.0 |
| 008 |
740531s1943 nyu b 00000 eng u |
| 010 |
|
|
|a 43016741
|
| 035 |
|
|
|a (OCoLC)00905393
|
| 035 |
|
|
|9 AAG9069AM
|
| 040 |
|
|
|c MDY
|d TXA
|d UtOrBLW
|
| 049 |
|
|
|a TXAM
|c [116804]
|
| 050 |
|
0 |
|a U21
|b .M35
|
| 082 |
0 |
|
|a 355.43
|
| 092 |
|
|
|a 355.331
|b M511m
|
| 100 |
1 |
|
|a Meier, Norman C.
|q (Norman Charles),
|d 1893-
|
| 245 |
1 |
0 |
|a Military psychology /
|c by Norman C. Meier. Forward by Lieutenant General Ben Lear.
|
| 264 |
|
1 |
|a New York,
|a London :
|b Harper,
|c [1943]
|
| 300 |
|
|
|a xx, 395 pages :
|b illustrations, forms, diagrams ;
|c 21 cm.
|
| 336 |
|
|
|a text
|b txt
|2 rdacontent
|
| 337 |
|
|
|a unmediated
|b n
|2 rdamedia
|
| 338 |
|
|
|a volume
|b nc
|2 rdacarrier
|
| 500 |
|
|
|a "Under the editorship fo Gardner Murphy."
|
| 504 |
|
|
|a Bibliography at end of each chapter.
|
| 650 |
|
0 |
|a Psychology, Applied.
|
| 650 |
|
0 |
|a Morale.
|
| 650 |
|
0 |
|a Leadership.
|
| 700 |
1 |
|
|a Murphy, Gardner,
|d 1895-1979.
|
| 999 |
|
|
|a MARS
|
| 999 |
f |
f |
|s 821f8b2a-2a9e-3af0-b964-b970a623d61f
|i 8ddffbe3-57a3-36ef-81fc-a32935dd78ee
|t 0
|
| 952 |
f |
f |
|p normal
|a Texas A&M University
|b College Station
|c Sterling C. Evans Library
|d Evans: Library Stacks
|t 0
|e U21 .M35
|h Library of Congress classification
|i unmediated -- volume
|m A14800804875
|
| 998 |
f |
f |
|a U21 .M35
|t 0
|l Evans: Library Stacks
|